Las aventuras de los lagartogatos /
A través de inquietantes relatos, Lily Süllos sumerge al lector en el mundo de lo enigmático y lo insólito. Sus personajes son extraños seres mitad gatos - mitad lagartos que causan estragos tanto en la Tierra como en el resto del Universo.
Guardado en:
| Autor Principal: | |
|---|---|
| Formato: | Libro |
| Idioma: | Undetermined |
| Publicado: |
Buenos Aires :
Beas,
1995.
|
| Edición: | 1a ed. |
| Materias: | |
| Etiquetas: |
Agregar Etiqueta
Sin Etiquetas, Sea el primero en etiquetar este registro!
|
| LEADER | 00836nam a22002055a 4500 | ||
|---|---|---|---|
| 001 | CEM.cems021242 | ||
| 008 | 240619s1995####ag############000#0#und#d | ||
| 005 | 20240619143904.0 | ||
| 245 | 1 | 0 | |a Las aventuras de los lagartogatos / |c Lily Süllos. |
| 250 | |a 1a ed. | ||
| 260 | |a Buenos Aires : |b Beas, |c 1995. | ||
| 300 | |a 112 p. | ||
| 520 | |a A través de inquietantes relatos, Lily Süllos sumerge al lector en el mundo de lo enigmático y lo insólito. Sus personajes son extraños seres mitad gatos - mitad lagartos que causan estragos tanto en la Tierra como en el resto del Universo. | ||
| 020 | |a 9508341351 | ||
| 100 | 1 | |a Süllos, Lily. | |
| 653 | |a Ciencia ficción | ||
| 653 | |a Literatura argentina | ||
| 653 | |a Cuentos argentinos | ||
| 653 | |a Literatura juvenil | ||
| 859 | |a CEMS |b BIB. CEMS - Inicial y Primaria |h A863.4 |i Su56 |k IP |p 2413 |t Ej.1 | ||
